Design Manual: (Record no. 331899)

000 -LEADER
fixed length control field nam a22 7a 4500
003 - CONTROL NUMBER IDENTIFIER
control field NUST
005 - DATE AND TIME OF LATEST TRANSACTION
control field 20171101115020.0
008 - FIXED-LENGTH DATA ELEMENTS--GENERAL INFORMATION
fixed length control field 171101b xxu||||| |||| 00| 0 eng d
020 ## - INTERNATIONAL STANDARD BOOK NUMBER
International Standard Book Number 0
040 ## - CATALOGING SOURCE
Transcribing agency 0
082 ## - DEWEY DECIMAL CLASSIFICATION NUMBER
Classification number 628 EPA
245 ## - TITLE STATEMENT
Title Design Manual:
Remainder of title Fine Pore Aeration Systems
260 ## - PUBLICATION, DISTRIBUTION, ETC.
Place of publication, distribution, etc. Cincinnati
Name of publisher, distributor, etc. EPA
Date of publication, distribution, etc. 1989
300 ## - PHYSICAL DESCRIPTION
Extent 305p.
500 ## - GENERAL NOTE
General note P.B
942 ## - ADDED ENTRY ELEMENTS (KOHA)
Source of classification or shelving scheme
Koha item type Book
Call number prefix IESE
Holdings
Withdrawn status Lost status Source of classification or shelving scheme Damaged status Not for loan Collection code Permanent Location Current Location Shelving location Date acquired Total Checkouts Full call number Barcode Date last seen Price effective from Koha item type
            Institute of Environmental Science and Engineering (IESE) Institute of Environmental Science and Engineering (IESE) General Stacks 11/01/2017   628 EPA IESE-361 11/01/2017 11/01/2017 Book
© 2023 Central Library, National University of Sciences and Technology. All Rights Reserved.